000
00242nam a22001097a 4500
082
_a
621.319 TOD'P
100
_a
TODMAN, J. C
_9
78930
245
_a
POWER ECONOMY IN THE FACTORY
260
_a
LONDON
_b
PAK
_c
1961
300
_a
216P
942
_c
BK
999
_c
584000
_d
584000